|
|
|
|
| LEADER |
01709nam a2200493 4500 |
| 001 |
ocn808345376 |
| 003 |
OCoLC |
| 005 |
20170124070721.2 |
| 006 |
m o d |
| 007 |
cr cnu|||unuuu |
| 008 |
050630s2005 gw a ob 001 0 ger d |
| 040 |
|
|
|a E7B
|b eng
|e pn
|c E7B
|d DG1
|d OCLCO
|d OCLCF
|d YDXCP
|d OCLCQ
|d COO
|d OCLCQ
|d DG1
|d GrThAP
|
| 020 |
|
|
|a 9783527662296
|q (electronic bk.)
|
| 020 |
|
|
|a 3527662294
|q (electronic bk.)
|
| 020 |
|
|
|a 3527662324
|
| 020 |
|
|
|a 9783527662326
|
| 020 |
|
|
|z 9783527314997
|
| 020 |
|
|
|z 9783527662326
|
| 020 |
|
|
|z 3527314997
|
| 029 |
1 |
|
|a AU@
|b 000052007483
|
| 029 |
1 |
|
|a CHBIS
|b 010027041
|
| 029 |
1 |
|
|a CHVBK
|b 306234165
|
| 029 |
1 |
|
|a NZ1
|b 15916212
|
| 035 |
|
|
|a (OCoLC)808345376
|
| 050 |
|
4 |
|a QD476
|b .B74 2005eb
|
| 082 |
0 |
4 |
|a 547
|2 23
|
| 049 |
|
|
|a MAIN
|
| 100 |
1 |
|
|a Breitmaier, Eberhard,
|d 1939-
|
| 245 |
1 |
0 |
|a Vom NMR-Spektrum zur Strukturformel organischer Verbindungen /
|c Eberhard Breitmaier.
|
| 250 |
|
|
|a 3., vollst. überarb. und erw. Aufl.
|
| 264 |
|
1 |
|a Weinheim :
|b WILEY-VCH Verlag,
|c [2005]
|
| 264 |
|
4 |
|c ©2005
|
| 300 |
|
|
|a 1 online resource (xi, 259 pages :) :
|b illustrations
|
| 336 |
|
|
|a text
|b txt
|2 rdacontent
|
| 337 |
|
|
|a computer
|b c
|2 rdamedia
|
| 338 |
|
|
|a online resource
|b cr
|2 rdacarrier
|
| 504 |
|
|
|a Includes bibliographical references and index.
|
| 650 |
|
0 |
|a Organic compounds
|x Structure.
|
| 650 |
|
0 |
|a Nuclear magnetic resonance spectroscopy.
|
| 650 |
|
7 |
|a Nuclear magnetic resonance spectroscopy.
|2 fast
|0 (OCoLC)fst01040333
|
| 650 |
|
7 |
|a Organic compounds
|x Structure.
|2 fast
|0 (OCoLC)fst01047666
|
| 655 |
|
4 |
|a Electronic books.
|
| 856 |
4 |
0 |
|u https://doi.org/10.1002/9783527662296
|z Full Text via HEAL-Link
|
| 994 |
|
|
|a 92
|b DG1
|